000 00320pam a2200121a 44500
008 230405s2005 xxu||||| |||| 00| 0 eng d
041 _aENG
100 _aBECKETT /STENLAKE
245 _aPRACTICAL PHARMACEUTICAL CHEMISTRY PART- ONE
260 _aNEW DELHI
_bCBS PUBLISHERS DELHI
_c2005
300 _a326
906 _a2112
999 _c277383
_d277383